Polarize bölge seçimi ve aranan şartlar / (Kayıt no. 10247)

MARC ayrıntıları
000 -BAŞLIK
Sabit Uzunluktaki Kontrol Alanı 00631nam a2200205 4500
003 - KONTROL NUMARASI KİMLİĞİ
Kontrol Alanı KOHA_MİRAKIL
005 - EN SON İŞLEM TARİHİ ve ZAMANI
Kontrol Alanı 20260415083039.0
008 - SABİT UZUNLUKTAKİ VERİ ÖGELERİ - GENEL BİLGİ
Sabit Alan 260415b tu ||||| |||| 00| 0 tur d
040 ## - KATALOGLAMA KAYNAĞI
Özgün Kataloglama Kurumu TR-AnABB
Kataloglama Dili tur
Çeviri Kurumu TR-AnABB
041 ## - DİL KODU
Metin ya da ses kaydının dil kodu tur
082 ## - DEWEY ONU SINIFLAMA SİSTEMİ
Sınıflama Numarası 307.12561
Cutter numarası POL 1966
110 1# - KURUM ADI
Kurum Adı İzmir Ticaret Odası
245 00 - ESER ADI BİLDİRİMİ
Başlık Polarize bölge seçimi ve aranan şartlar /
Sorumluluk Bildirimi İzmir Ticaret Odası
260 ## - YAYIN, DAĞITIM, VB.
Yayın Yeri İzmir :
Yayınevi İzmir Ticaret Odası,
Yayın Tarihi 1966
300 ## - FİZİKSEL TANIMLAMA
Sayfa, Cilt vb. 120 sayfa ;
Boyutları 25 cm
650 04 - KONU BAŞLIĞI EK GİRİŞ - KONU TERİMİ
Konusal terim veya coğrafi ad Bölge planlama
650 04 - KONU BAŞLIĞI EK GİRİŞ - KONU TERİMİ
Konusal terim veya coğrafi ad Bölge planlama, Türkiye
650 04 - KONU BAŞLIĞI EK GİRİŞ - KONU TERİMİ
Konusal terim veya coğrafi ad Bölgesel kalkınma
942 ## - EK GİRİŞ ÖGELERİ (KOHA)
Sınıflama Kaynağı Dewey Decimal Classification
Materyal Türü Kitap
900 ## - YEREL BİLGİ
Kontrol Can ÇELIK
110 1# - KURUM ADI
-- 3451
Mevcut
Geri Çekilme Durumu Kayıp Durumu Sınıflandırma Kaynağı Kredi için değil Kalıcı Konum Mevcut Konum Kayıt Tarih Toplam Ödünçverme Yer Numarası Demirbaş Numarası Son Görülme Tarihi Fatura Tarihi Materyal Türü
    Dewey Decimal Classification   Prof. Dr. Ruşen Keleş Kütüphanesi Prof. Dr. Ruşen Keleş Kütüphanesi 15/04/2026   307.12561 POL 1966 RK7088 15/04/2026 15/04/2026 Kitap